000 00719cam a2200265 a 4500
001 2333504
003 ARRUPE
005 20161013085432.0
008 780509s1930 nyu 000 1 eng
010 _a 30031597
035 _a(OCoLC)ocm03876866
035 _a(NNC)2333504
040 _aDLC
_cYNG
_dSER
_dPIT
_dZCU
041 1 _aengund
050 0 _aPT2619.E4
_bC3 1930
082 _a833.91
099 _a834J397
_aP2
100 1 _aJelusich, Mirko,
_d1886-1969.
_926673
245 1 0 _aCaesar /
_cby Mirko Jelusich
260 _aWien :
_bF.G. Speidel'sche Verlagsbuchhandlung,
_c1930.
300 _a 498 p.
_c20 cm.
600 1 0 _aCaesar, Julius
_vFiction.
_926674
942 _2lcc
_cMONOGRAPH
999 _c125490
_d125490